[Event "GBR/IRL zt"]
[Site "Blackpool"]
[Date "1990.05.09"]
[Round "1"]
[White "Davies, Nigel Rodney"]
[Black "Carton, Patrick"]
[Result "1-0"]
[WhiteElo "2475"]
[BlackElo "2240"]
[PlyCount "55"]
[EventDate "1990.05.09"]
[EventType "tourn"]
[EventRounds "11"]
[EventCountry "ENG"]
[EventCategory "8"]
[SourceTitle "BritBase"]
[Source "John Saunders"]
[SourceDate "1997.08.31"]
[SourceVersion "1"]
[SourceVersionDate "1997.08.31"]
[SourceQuality "1"]

1. Nf3 f5 2. g3 d6 3. d4 g6 4. Bg2 Bg7 5. b3 Nh6 6. h4 Nc6 7. h5 Ng4 8. hxg6 hxg6 9. Rxh8+ Bxh8 10. Bb2 e6 11. Nbd2 Bd7 12. e4 Qe7 13. Qe2 O-O-O 14. O-O-O Bg7 15. Kb1 Rh8 16. Re1 Re8 17. Qf1 Qf8 18. d5 exd5 19. exd5 Rxe1+ 20. Qxe1 Nb4 21. Nd4 Qh8 22. N2f3 Nxd5 23. Qa5 c5 24. Qxa7 Nxf2 25. Ng5 Bxd4 26. Bxd5 Bc6 27. Bxc6 bxc6 28. Ne6 1-0

[Event "GBR/IRL zt"]
[Site "Blackpool"]
[Date "1990.05.09"]
[Round "1"]
[White "Hodgson, Julian M"]
[Black "Chandler, Murray G"]
[Result "1/2-1/2"]
[WhiteElo "2540"]
[BlackElo "2585"]
[PlyCount "60"]
[EventDate "1990.05.09"]
[EventType "tourn"]
[EventRounds "11"]
[EventCountry "ENG"]
[EventCategory "8"]
[SourceTitle "BritBase"]
[Source "John Saunders"]
[SourceDate "1997.08.31"]
[SourceVersion "1"]
[SourceVersionDate "1997.08.31"]
[SourceQuality "1"]

1. g3 e5 2. Bg2 Nf6 3. Nf3 e4 4. Nd4 c5 5. Nb3 c4 6. Nd4 Bc5 7. c3 O-O 8. O-O d5 9. b3 cxb3 10. axb3 Nc6 11. Nxc6 bxc6 12. Ba3 Bxa3 13. Nxa3 Qb6 14. b4 Bd7 15. Nc2 a5 16. bxa5 Rxa5 17. Qb1 Rb5 18. Qc1 Rb8 19. Nb4 Ra5 20. Rxa5 Qxa5 21. d4 Rc8 22. Qa1 Qxa1 23. Rxa1 c5 24. dxc5 Rxc5 25. Ra8+ Be8 26. f3 Kf8 27. Ra3 d4 28. cxd4 Rc4 29. Na6 Rxd4 30. Nc5 exf3 1/2-1/2

[Event "GBR/IRL zt"]
[Site "Blackpool"]
[Date "1990.05.09"]
[Round "1"]
[White "Hynes, Kilian A"]
[Black "Rayner, Francis"]
[Result "1/2-1/2"]
[WhiteElo "2240"]
[BlackElo "2270"]
[PlyCount "103"]
[EventDate "1990.05.09"]
[EventType "tourn"]
[EventRounds "11"]
[EventCountry "ENG"]
[EventCategory "8"]
[SourceTitle "BritBase"]
[Source "John Saunders"]
[SourceDate "1997.08.31"]
[SourceVersion "1"]
[SourceVersionDate "1997.08.31"]
[SourceQuality "1"]

1. d4 Nf6 2. c4 e6 3. g3 c5 4. Nf3 b6 5. Bg2 Bb7 6. d5 exd5 7. Nh4 b5 8. cxd5 g6 9. O-O d6 10. a4 b4 11. e4 Bg7 12. Re1 O-O 13. Nd2 Nbd7 14. Nc4 Nb6 15. Na5 Ba6 16. Nc6 Qc7 17. Qc2 Rfe8 18. Nxb4 Bc4 19. Nd3 Bxd3 20. Qxd3 Nbxd5 21. Bd2 c4 22. Qa3 c3 23. bxc3 Nb6 24. e5 dxe5 25. Bxa8 Nc4 26. Qc1 Rxa8 27. Bh6 Qc5 28. Bxg7 Kxg7 29. Qg5 Nd5 30. Rad1 Re8 31. Rxd5 Qxd5 32. Nf5+ Kg8 33. Ne7+ Rxe7 34. Qxe7 Nd2 35. Re3 Nc4 36. Qxa7 Nxe3 37. Qxe3 Qd1+ 38. Kg2 Qxa4 39. Qxe5 Qa8+ 40. Kg1 Qa1+ 41. Kg2 Qa8+ 42. Kh3 Qc8+ 43. g4 h5 44. f3 hxg4+ 45. fxg4 Qc4 46. Kh4 Qa2 47. Kg5 Qd2+ 48. Kf6 Qd8+ 49. Qe7 Qb6+ 50. Kg5 Kg7 51. c4 Qd4 52. h3 1/2-1/2

[Event "GBR/IRL zt"]
[Site "Blackpool"]
[Date "1990.05.09"]
[Round "1"]
[White "King, Daniel John"]
[Black "McNab, Colin Anderson"]
[Result "1-0"]
[WhiteElo "2515"]
[BlackElo "2390"]
[PlyCount "95"]
[EventDate "1990.05.09"]
[EventType "tourn"]
[EventRounds "11"]
[EventCountry "ENG"]
[EventCategory "8"]
[SourceTitle "BritBase"]
[Source "John Saunders"]
[SourceDate "1997.08.31"]
[SourceVersion "1"]
[SourceVersionDate "1997.08.31"]
[SourceQuality "1"]

1. e4 g6 2. d4 d6 3. Nf3 Nf6 4. Nc3 Bg7 5. Be2 O-O 6. O-O c6 7. Bf4 Nbd7 8. Qd2 e5 9. dxe5 dxe5 10. Nxe5 Nxe4 11. Nxe4 Nxe5 12. Qxd8 Rxd8 13. Bg5 Rf8 14. Rad1 h6 15. Bf6 Bxf6 16. Nxf6+ Kg7 17. Ne4 Bf5 18. Nd6 Bxc2 19. Rd2 Bf5 20. Nxb7 Be6 21. Rc1 g5 22. Rc5 Bd5 23. f3 f5 24. b3 Rab8 25. Na5 Rfe8 26. Kf2 Re6 27. a3 Rbe8 28. b4 Nd7 29. Rcc2 Nb6 30. Ba6 Re3 31. Re2 Rxe2+ 32. Rxe2 Rxe2+ 33. Kxe2 Nd7 34. Bb7 Ne5 35. b5 Nc4 36. Bxc6 Nxa5 37. Bxd5 Kf6 38. Kd3 Ke5 39. Bg8 h5 40. Kc3 h4 41. Kb4 Nb7 42. a4 Kd4 43. a5 Nc5 44. Bc4 f4 45. h3 Nd7 46. b6 axb6 47. a6 Nb8 48. Bb5 1-0

[Event "GBR/IRL zt"]
[Site "Blackpool"]
[Date "1990.05.09"]
[Round "1"]
[White "Suba, Mihai"]
[Black "Hawes, Jonathan R"]
[Result "1-0"]
[WhiteElo "2505"]
[BlackElo "2205"]
[PlyCount "79"]
[EventDate "1990.05.09"]
[EventType "tourn"]
[EventRounds "11"]
[EventCountry "ENG"]
[EventCategory "8"]
[SourceTitle "CBM 018"]
[Source "ChessBase"]
[SourceDate "1990.10.01"]
[SourceVersion "1"]
[SourceVersionDate "1990.10.01"]
[SourceQuality "1"]

1. Nf3 d5 2. c4 d4 3. a3 a5 4. e3 c5 5. exd4 cxd4 6. d3 Nc6 7. g3 e5 8. Bg2 Nf6 9. Bg5 Bd6 10. O-O O-O 11. Re1 h6 12. Bxf6 Qxf6 13. Nbd2 Bf5 14. Ne4 Qe7 15. Nfd2 a4 16. Rc1 Bxe4 17. Bxe4 Ra5 18. c5 Bc7 19. Rc4 Rxc5 20. Rxc5 Qxc5 21. Qxa4 b5 22. Qd1 Ne7 23. b4 Qb6 24. a4 f5 25. Bg2 Bd6 26. Qb3+ Kh7 27. Rb1 Rb8 28. Qe6 Qc7 29. a5 Rd8 30. a6 Qd7 31. Qxd7 Rxd7 32. Bb7 Bb8 33. Nf3 e4 34. dxe4 fxe4 35. Bxe4+ Kg8 36. Rc1 d3 37. Rd1 Ba7 38. Ne5 Rd4 39. Bxd3 Rxb4 40. Bf1 1-0

[Event "GBR/IRL zt"]
[Site "Blackpool"]
[Date "1990.05.10"]
[Round "2"]
[White "Chandler, Murray G"]
[Black "Suba, Mihai"]
[Result "1/2-1/2"]
[WhiteElo "2585"]
[BlackElo "2505"]
[PlyCount "47"]
[EventDate "1990.05.09"]
[EventType "tourn"]
[EventRounds "11"]
[EventCountry "ENG"]
[EventCategory "8"]
[SourceTitle "BritBase"]
[Source "John Saunders"]
[SourceDate "1997.08.31"]
[SourceVersion "1"]
[SourceVersionDate "1997.08.31"]
[SourceQuality "1"]

1. e4 c5 2. Nf3 d6 3. d4 Nf6 4. Nc3 cxd4 5. Nxd4 e6 6. Be3 a6 7. f3 b5 8. g4 Bb7 9. Qd2 Qa5 10. a3 Nc6 11. Nxc6 Bxc6 12. O-O-O Be7 13. Kb1 Rb8 14. Bd4 Qc7 15. g5 Nd7 16. Bxg7 Rg8 17. Bd4 a5 18. h4 b4 19. Na2 bxa3 20. b3 d5 21. Bd3 dxe4 22. Bxe4 Bxe4 23. fxe4 a4 24. Rh3 1/2-1/2

[Event "GBR/IRL zt"]
[Site "Blackpool"]
[Date "1990.05.10"]
[Round "2"]
[White "Hawes, Jonathan R"]
[Black "Davies, Nigel Rodney"]
[Result "0-1"]
[WhiteElo "2205"]
[BlackElo "2475"]
[PlyCount "100"]
[EventDate "1990.05.09"]
[EventType "tourn"]
[EventRounds "11"]
[EventCountry "ENG"]
[EventCategory "8"]
[SourceTitle "CBM 018"]
[Source "ChessBase"]
[SourceDate "1990.10.01"]
[SourceVersion "1"]
[SourceVersionDate "1990.10.01"]
[SourceQuality "1"]

1. Nf3 g6 2. e4 Bg7 3. d4 d6 4. Nc3 Nf6 5. h3 O-O 6. Be3 c6 7. a4 d5 8. e5 Ne4 9. Nxe4 dxe4 10. Ng5 c5 11. dxc5 Qc7 12. c3 Nc6 13. Nxe4 Nxe5 14. Be2 Bf5 15. Qc2 Nd7 16. g4 Bxe4 17. Qxe4 Nxc5 18. Qc4 Rac8 19. Qxc5 Qxc5 20. Bxc5 Rxc5 21. O-O Be5 22. Rad1 Bd6 23. c4 a5 24. b3 Kg7 25. Rd3 Rc7 26. Rd5 b6 27. Rfd1 Bc5 28. Kg2 f5 29. gxf5 gxf5 30. f4 Rc6 31. R1d3 Rg6+ 32. Rg3 Kf6 33. Rd1 Rfg8 34. Rxg6+ hxg6 35. h4 Re8 36. Bf3 e5 37. Re1 e4 38. Be2 Rh8 39. Rh1 Be3 40. Kg3 Rd8 41. Rd1 Bd2 42. Rb1 Ke7 43. Rd1 Rd6 44. Rh1 Kd7 45. c5 bxc5 46. Bc4 Ke7 47. h5 g5 48. fxg5 Bxg5 49. Re1 Kf6 50. Re2 Ke5 0-1

[Event "GBR/IRL zt"]
[Site "Blackpool"]
[Date "1990.05.10"]
[Round "2"]
[White "King, Daniel John"]
[Black "Hodgson, Julian M"]
[Result "1/2-1/2"]
[WhiteElo "2515"]
[BlackElo "2540"]
[PlyCount "34"]
[EventDate "1990.05.09"]
[EventType "tourn"]
[EventRounds "11"]
[EventCountry "ENG"]
[EventCategory "8"]
[SourceTitle "BritBase"]
[Source "John Saunders"]
[SourceDate "1997.08.31"]
[SourceVersion "1"]
[SourceVersionDate "1997.08.31"]
[SourceQuality "1"]

1. e4 e5 2. Nf3 Nc6 3. Bc4 Nf6 4. d3 Be7 5. O-O O-O 6. Re1 d6 7. c3 Kh8 8. h3 Ng8 9. d4 Bf6 10. Be3 g6 11. Nbd2 h6 12. a4 a5 13. dxe5 Nxe5 14. Nxe5 dxe5 15. Qb3 Bg5 16. Rad1 Bxe3 17. Rxe3 Qe7 1/2-1/2

[Event "GBR/IRL zt"]
[Site "Blackpool"]
[Date "1990.05.10"]
[Round "2"]
[White "McNab, Colin Anderson"]
[Black "Rayner, Francis"]
[Result "1-0"]
[WhiteElo "2390"]
[BlackElo "2270"]
[PlyCount "87"]
[EventDate "1990.05.09"]
[EventType "tourn"]
[EventRounds "11"]
[EventCountry "ENG"]
[EventCategory "8"]
[SourceTitle "BritBase"]
[Source "John Saunders"]
[SourceDate "1997.08.31"]
[SourceVersion "1"]
[SourceVersionDate "1997.08.31"]
[SourceQuality "1"]

1. Nf3 g6 2. d4 Nf6 3. Bg5 Bg7 4. Nbd2 d5 5. c3 O-O 6. e3 Nbd7 7. Be2 Re8 8. O-O c6 9. Bh4 e5 10. c4 e4 11. Ne1 Nf8 12. cxd5 cxd5 13. Qb3 Ne6 14. f3 g5 15. Bg3 Qa5 16. Rd1 Bd7 17. Qxb7 Rad8 18. fxe4 Nxe4 19. Nxe4 dxe4 20. Bc4 Qb6 21. Qxe4 Bb5 22. Bxb5 Qxb5 23. Qf5 Qxf5 24. Rxf5 h6 25. Nd3 Nf8 26. Bf2 Rc8 27. Rc5 Nd7 28. Rxc8 Rxc8 29. Rc1 Rxc1+ 30. Nxc1 Kf8 31. Kf1 Ke7 32. Ke2 Kd6 33. Kd3 f5 34. Ne2 Nf6 35. Bg3+ Kc6 36. Be5 Ne8 37. Bxg7 Nxg7 38. Kc4 Ne8 39. d5+ Kd6 40. Kd4 a6 41. e4 fxe4 42. Ng3 Ng7 43. Nxe4+ Ke7 44. Ke5 1-0

[Event "GBR/IRL zt"]
[Site "Blackpool"]
[Date "1990.05.10"]
[Round "2"]
[White "Motwani, Paul"]
[Black "Hynes, Kilian A"]
[Result "1/2-1/2"]
[WhiteElo "2470"]
[BlackElo "2240"]
[PlyCount "120"]
[EventDate "1990.05.09"]
[EventType "tourn"]
[EventRounds "11"]
[EventCountry "ENG"]
[EventCategory "8"]
[SourceTitle "BritBase"]
[Source "John Saunders"]
[SourceDate "1997.08.31"]
[SourceVersion "1"]
[SourceVersionDate "1997.08.31"]
[SourceQuality "1"]

1. e4 e6 2. d4 d5 3. Nc3 Nf6 4. e5 Nfd7 5. f4 c5 6. Nf3 Nc6 7. Be3 a6 8. Qd2 b5 9. dxc5 b4 10. Na4 Qa5 11. Nb6 Nxb6 12. cxb6 Bc5 13. Bxc5 Qxc5 14. Qf2 Qxf2+ 15. Kxf2 Rb8 16. Ke3 Rxb6 17. Nd4 Nxd4 18. Kxd4 Bd7 19. h4 h5 20. Bd3 Ke7 21. a3 Rc8 22. b3 Rc7 23. g3 a5 24. axb4 Rxb4+ 25. Ke3 a4 26. bxa4 Bxa4 27. Rhb1 Rxb1 28. Rxb1 Kd7 29. Rb2 g6 30. Kd4 Bc6 31. Ra2 Rb7 32. Kc5 Rc7 33. c3 Ba4+ 34. Kd4 Bb3 35. Bb5+ Ke7 36. Ra8 f6 37. Rh8 fxe5+ 38. fxe5 Bc2 39. Rh7+ Kd8 40. Rh8+ Ke7 41. Rh7+ Kd8 42. Rh6 Bf5 43. Rh8+ Ke7 44. Ra8 Kf7 45. Ra6 Bg4 46. Bc6 Be2 47. Rb6 Ke7 48. Kc5 Bf3 49. Ra6 Be4 50. Kb6 Rxc6+ 51. Kxc6 d4+ 52. Kc5 dxc3 53. Ra7+ Kf8 54. Rc7 c2 55. Kd6 Bf5 56. Rc4 Kf7 57. Rc3 Ke8 58. Rc7 Kf8 59. Rc5 Kf7 60. Rc7+ Kf8 1/2-1/2

[Event "GBR/IRL zt"]
[Site "Blackpool"]
[Date "1990.05.11"]
[Round "3"]
[White "Davies, Nigel Rodney"]
[Black "Chandler, Murray G"]
[Result "0-1"]
[WhiteElo "2475"]
[BlackElo "2585"]
[PlyCount "86"]
[EventDate "1990.05.09"]
[EventType "tourn"]
[EventRounds "11"]
[EventCountry "ENG"]
[EventCategory "8"]
[SourceTitle "BritBase"]
[Source "John Saunders"]
[SourceDate "1997.08.31"]
[SourceVersion "1"]
[SourceVersionDate "1997.08.31"]
[SourceQuality "1"]

1. e4 c5 2. d3 Nc6 3. g3 d5 4. exd5 Qxd5 5. Nf3 Nd4 6. Bg2 Qe6+ 7. Be3 Nf5 8. Qe2 Nxe3 9. fxe3 g6 10. Nc3 Bh6 11. e4 Nf6 12. O-O O-O 13. Kh1 Bd7 14. e5 Ng4 15. Ne4 Rac8 16. Neg5 Bxg5 17. Nxg5 Qxe5 18. Qxe5 Nxe5 19. Bxb7 Rb8 20. Bd5 e6 21. Bb3 h6 22. Rae1 Nxd3 23. Ne4 f5 24. cxd3 fxe4 25. dxe4 a5 26. Rxf8+ Kxf8 27. Re2 Rb4 28. Kg2 Ke7 29. Kf3 Bb5 30. Rd2 Bc6 31. Re2 Kf6 32. Kf2 Bxe4 33. Bd1 Bd5 34. a3 Rd4 35. Ke1 Rxd1+ 36. Kxd1 Bf3 37. Kd2 Bxe2 38. Kxe2 Ke5 39. Ke3 Kd5 40. Kd3 e5 41. b3 e4+ 42. Kc3 g5 43. h4 gxh4 0-1

[Event "GBR/IRL zt"]
[Site "Blackpool"]
[Date "1990.05.11"]
[Round "3"]
[White "Hodgson, Julian M"]
[Black "McNab, Colin Anderson"]
[Result "1/2-1/2"]
[WhiteElo "2540"]
[BlackElo "2390"]
[PlyCount "21"]
[EventDate "1990.05.09"]
[EventType "tourn"]
[EventRounds "11"]
[EventCountry "ENG"]
[EventCategory "8"]
[SourceTitle "BritBase"]
[Source "John Saunders"]
[SourceDate "1997.08.31"]
[SourceVersion "1"]
[SourceVersionDate "1997.08.31"]
[SourceQuality "1"]

1. d4 d6 2. e4 Nf6 3. Nc3 g6 4. Be3 c6 5. f3 Bg7 6. Qd2 b5 7. Bh6 Bxh6 8. Qxh6 Qa5 9. Qd2 Nbd7 10. Bd3 e5 11. dxe5 1/2-1/2

[Event "GBR/IRL zt"]
[Site "Blackpool"]
[Date "1990.05.11"]
[Round "3"]
[White "Hynes, Kilian A"]
[Black "Carton, Patrick"]
[Result "0-1"]
[WhiteElo "2240"]
[BlackElo "2240"]
[PlyCount "84"]
[EventDate "1990.05.09"]
[EventType "tourn"]
[EventRounds "11"]
[EventCountry "ENG"]
[EventCategory "8"]
[SourceTitle "BritBase"]
[Source "John Saunders"]
[SourceDate "1997.08.31"]
[SourceVersion "1"]
[SourceVersionDate "1997.08.31"]
[SourceQuality "1"]

1. d4 e6 2. c4 b6 3. e4 Bb7 4. Qc2 f5 5. exf5 Nf6 6. fxe6 dxe6 7. Be3 Nc6 8. Nf3 Nb4 9. Qa4+ Bc6 10. Qb3 Be4 11. Na3 Ng4 12. Be2 Be7 13. h3 Nxe3 14. Qxe3 Bf5 15. g4 Bg6 16. Ne5 Bg5 17. Qc3 a5 18. O-O Qf6 19. Qf3 O-O 20. Qxf6 Rxf6 21. Nxg6 hxg6 22. Nb5 c6 23. Nc3 Rf4 24. Rad1 Bf6 25. a3 Nc2 26. d5 cxd5 27. cxd5 Bxc3 28. bxc3 exd5 29. Rxd5 Nxa3 30. Rd6 Rf6 31. Rfd1 b5 32. Rxf6 gxf6 33. Ra1 b4 34. cxb4 axb4 35. Kf1 Rc8 36. Bd3 Kf7 37. Ra2 Rc3 38. Ke2 Ke6 39. Rb2 b3 40. Bxg6 Nc2 41. Rxb3 Nd4+ 42. Kd2 Rxb3 0-1

[Event "GBR/IRL zt"]
[Site "Blackpool"]
[Date "1990.05.11"]
[Round "3"]
[White "Rayner, Francis"]
[Black "Motwani, Paul"]
[Result "0-1"]
[WhiteElo "2270"]
[BlackElo "2470"]
[PlyCount "88"]
[EventDate "1990.05.09"]
[EventType "tourn"]
[EventRounds "11"]
[EventCountry "ENG"]
[EventCategory "8"]
[SourceTitle "BritBase"]
[Source "John Saunders"]
[SourceDate "1997.08.31"]
[SourceVersion "1"]
[SourceVersionDate "1997.08.31"]
[SourceQuality "1"]

1. e4 e6 2. d4 d5 3. Nc3 Nf6 4. Bg5 dxe4 5. Nxe4 Nbd7 6. Nxf6+ Nxf6 7. Nf3 c5 8. Bc4 cxd4 9. Qxd4 Qxd4 10. Nxd4 Bc5 11. O-O-O Bd7 12. Rhe1 O-O-O 13. f3 a6 14. Nb3 Bb6 15. Nd2 Bc6 16. Bb3 Bc7 17. g3 h6 18. Be3 h5 19. Bg5 Rd7 20. Bxf6 gxf6 21. Ne4 Rxd1+ 22. Kxd1 h4 23. f4 hxg3 24. hxg3 Rh3 25. Nxf6 Rxg3 26. f5 exf5 27. Bxf7 Bf3+ 28. Kc1 Bf4+ 29. Kb1 Bg5 30. Nh7 Bd2 31. Re8+ Kc7 32. a3 Bc6 33. Re2 Be3 34. Nf6 f4 35. Nd5+ Kd6 36. Nxe3 fxe3 37. Bc4 Ke5 38. b3 Kf4 39. Kb2 Rg2 40. Kc3 Kf3 41. Rxg2 Kxg2 42. Kd4 Kf2 43. Bd3 Bf3 44. c4 Be2 0-1

[Event "GBR/IRL zt"]
[Site "Blackpool"]
[Date "1990.05.11"]
[Round "3"]
[White "Suba, Mihai"]
[Black "King, Daniel John"]
[Result "1/2-1/2"]
[WhiteElo "2505"]
[BlackElo "2515"]
[PlyCount "124"]
[EventDate "1990.05.09"]
[EventType "tourn"]
[EventRounds "11"]
[EventCountry "ENG"]
[EventCategory "8"]
[SourceTitle "BritBase"]
[Source "John Saunders"]
[SourceDate "1997.08.31"]
[SourceVersion "1"]
[SourceVersionDate "1997.08.31"]
[SourceQuality "1"]

1. Nf3 Nf6 2. c4 e6 3. g3 d5 4. Bg2 dxc4 5. Qc2 a6 6. a4 b6 7. Na3 Bb7 8. Nxc4 Be7 9. O-O O-O 10. d3 c5 11. Qb3 Nbd7 12. e4 Ra7 13. Re1 Bc6 14. Bf4 Nh5 15. Bd2 Nhf6 16. h3 Ba8 17. Bf4 Nh5 18. Be3 Nhf6 19. Rad1 h6 20. Nh2 Qc7 21. Bf4 e5 22. Bc1 Rc8 23. f4 b5 24. axb5 axb5 25. Nxe5 Nxe5 26. fxe5 Qxe5 27. Bf4 Qd4+ 28. Be3 Qe5 29. Bf2 Qe6 30. Qxe6 fxe6 31. b4 Ra2 32. Bxc5 Bxc5+ 33. bxc5 Rxc5 34. Ra1 Rcc2 35. Rxa2 Rxa2 36. Rb1 Nh5 37. Rxb5 Nxg3 38. Bf3 Bc6 39. Rb6 Ba4 40. Rxe6 Bd7 41. Rg6 Ne2+ 42. Bxe2 Rxe2 43. Rg3 h5 44. h4 Bb5 45. Nf1 Bxd3 46. Rxd3 Rxe4 47. Rh3 Rg4+ 48. Kf2 g5 49. hxg5 Rxg5 50. Ng3 Ra5 51. Rh4 Kf7 52. Nxh5 Ra2+ 53. Kf3 Ra3+ 54. Kg4 Ke6 55. Rh1 Ra8 56. Nf4+ Ke5 57. Re1+ Kd4 58. Ne6+ Kc4 59. Kf4 Rh8 60. Ke4 Kc3 61. Rc1+ Kd2 62. Rc6 Rg8 1/2-1/2

[Event "GBR/IRL zt"]
[Site "Blackpool"]
[Date "1990.05.12"]
[Round "4"]
[White "Carton, Patrick"]
[Black "Rayner, Francis"]
[Result "1/2-1/2"]
[WhiteElo "2240"]
[BlackElo "2270"]
[PlyCount "44"]
[EventDate "1990.05.09"]
[EventType "tourn"]
[EventRounds "11"]
[EventCountry "ENG"]
[EventCategory "8"]
[SourceTitle "BritBase"]
[Source "John Saunders"]
[SourceDate "1997.08.31"]
[SourceVersion "1"]
[SourceVersionDate "1997.08.31"]
[SourceQuality "1"]

1. e4 c5 2. Nf3 e6 3. Nc3 a6 4. d4 cxd4 5. Nxd4 Qc7 6. g3 b5 7. Bg2 Bb7 8. O-O Nc6 9. Re1 Nxd4 10. Qxd4 Qc5 11. Qd3 Rc8 12. Be3 Qc4 13. Qd2 d6 14. a3 Be7 15. Rad1 Qc7 16. Bf4 Rd8 17. a4 bxa4 18. Nxa4 Qc6 19. Nc3 Nf6 20. Qe2 O-O 21. Bg5 h6 22. Be3 Rfe8 1/2-1/2

[Event "GBR/IRL zt"]
[Site "Blackpool"]
[Date "1990.05.12"]
[Round "4"]
[White "Hodgson, Julian M"]
[Black "Suba, Mihai"]
[Result "1-0"]
[WhiteElo "2540"]
[BlackElo "2505"]
[PlyCount "81"]
[EventDate "1990.05.09"]
[EventType "tourn"]
[EventRounds "11"]
[EventCountry "ENG"]
[EventCategory "8"]
[SourceTitle "BritBase"]
[Source "John Saunders"]
[SourceDate "1997.08.31"]
[SourceVersion "1"]
[SourceVersionDate "1997.08.31"]
[SourceQuality "1"]

1. e4 c5 2. Nf3 d6 3. c3 Nf6 4. Be2 Nc6 5. d4 cxd4 6. cxd4 Nxe4 7. d5 Qa5+ 8. Nc3 Nxc3 9. bxc3 Nd8 10. O-O e5 11. dxe6 Nxe6 12. Nd4 Be7 13. Bb5+ Kf8 14. Rb1 a6 15. Bc4 Qc7 16. Bxe6 fxe6 17. Re1 e5 18. Qf3+ Bf6 19. Ba3 exd4 20. Qd5 Be7 21. Rxe7 Kxe7 22. Re1+ Kf6 23. Bxd6 Qd7 24. Re5 Re8 25. Qf3+ Kg6 26. Qh5+ Kf6 27. Qf3+ Kg6 28. Qh5+ Kf6 29. Rxe8 Qxd6 30. cxd4 h6 31. h4 a5 32. Qf3+ Kg6 33. h5+ Kg5 34. Re5+ Qxe5 35. dxe5 Be6 36. Qxb7 Rg8 37. Qe7+ Kf5 38. g4+ Kxe5 39. f4+ Kxf4 40. Qxe6 Rd8 41. Qf7+ 1-0

[Event "GBR/IRL zt"]
[Site "Blackpool"]
[Date "1990.05.12"]
[Round "4"]
[White "King, Daniel John"]
[Black "Davies, Nigel Rodney"]
[Result "1-0"]
[WhiteElo "2515"]
[BlackElo "2475"]
[PlyCount "87"]
[EventDate "1990.05.09"]
[EventType "tourn"]
[EventRounds "11"]
[EventCountry "ENG"]
[EventCategory "8"]
[SourceTitle "BritBase"]
[Source "John Saunders"]
[SourceDate "1997.08.31"]
[SourceVersion "1"]
[SourceVersionDate "1997.08.31"]
[SourceQuality "1"]

1. e4 c5 2. Nf3 g6 3. d4 Bg7 4. c4 d6 5. d5 Nf6 6. Nc3 O-O 7. Bd3 e5 8. Bg5 h6 9. Bh4 g5 10. Bg3 Nh5 11. h4 g4 12. Nh2 Nxg3 13. fxg3 h5 14. Qc2 Na6 15. a3 Nc7 16. O-O Bh6 17. Rae1 Ne8 18. Rf2 Ng7 19. Nf1 Qe7 20. Ne3 Bd7 21. Nf5 Nxf5 22. exf5 f6 23. b4 b6 24. Qe2 Rfb8 25. Rb1 Kf7 26. Kh2 Qe8 27. Qe1 Qc8 28. Rfb2 Ke7 29. Qf2 Qc7 30. Ne4 Qc8 31. Nc3 Qc7 32. Qe2 Qc8 33. Bc2 Qe8 34. Rf1 a6 35. Rfb1 Qc8 36. Bd3 Qc7 37. Ne4 Kf7 38. bxc5 dxc5 39. d6 Qc6 40. a4 a5 41. Bc2 Bf8 42. Qd2 Bxf5 43. Nxf6 Qxd6 44. Nd5 1-0

[Event "GBR/IRL zt"]
[Site "Blackpool"]
[Date "1990.05.13"]
[Round "5"]
[White "Adams, Michael"]
[Black "King, Daniel John"]
[Result "1/2-1/2"]
[WhiteElo "2555"]
[BlackElo "2515"]
[PlyCount "129"]
[EventDate "1990.05.09"]
[EventType "tourn"]
[EventRounds "11"]
[EventCountry "ENG"]
[EventCategory "8"]
[SourceTitle "BritBase"]
[Source "John Saunders"]
[SourceDate "1997.08.31"]
[SourceVersion "1"]
[SourceVersionDate "1997.08.31"]
[SourceQuality "1"]

1. e4 c5 2. Nc3 d6 3. Nf3 Nf6 4. d4 cxd4 5. Nxd4 a6 6. Be3 e5 7. Nf3 Qc7 8. Be2 Be7 9. O-O O-O 10. a4 Nbd7 11. a5 b5 12. axb6 Nxb6 13. Nd2 Bb7 14. Bd3 d5 15. Bxb6 Qxb6 16. Nxd5 Nxd5 17. exd5 Bxd5 18. b3 Qb7 19. Re1 Bb4 20. Ra4 Rfe8 21. f3 Bc6 22. Ra2 Bb5 23. Re2 Bxd3 24. cxd3 f6 25. Nc4 Red8 26. Re4 Rd7 27. Qc2 Kh8 28. Ra1 Rad8 29. Rd1 Bc5+ 30. Kh1 Bd4 31. h3 Rd5 32. Ree1 g6 33. Rb1 Qb4 34. Red1 Kg7 35. Qa2 a5 36. Qc2 h5 37. h4 R8d7 38. g3 Rb7 39. Kg2 Rdb5 40. Kh3 Rb8 41. Rdc1 R8b7 42. Rd1 Qf8 43. Qa2 Qc8+ 44. Kg2 Qb8 45. Qa4 Kh6 46. Kh2 Bc3 47. Rdc1 Bd4 48. Rd1 Ra7 49. Qa2 Kh7 50. Kg2 Rb4 51. Qc2 Qd8 52. Rd2 Qd5 53. Qd1 Rb8 54. Ra2 Bc3 55. Rc1 Qd4 56. Qc2 Bb4 57. Rd1 Rg8 58. Qf2 Bc3 59. Ra4 Rb8 60. Qc2 Rc7 61. Qa2 Qd5 62. Nxa5 Bxa5 63. Rxa5 Qxb3 64. Qxb3 Rxb3 65. Ra2 1/2-1/2

[Event "GBR/IRL zt"]
[Site "Blackpool"]
[Date "1990.05.13"]
[Round "5"]
[White "Davies, Nigel Rodney"]
[Black "Hodgson, Julian M"]
[Result "1/2-1/2"]
[WhiteElo "2475"]
[BlackElo "2540"]
[PlyCount "70"]
[EventDate "1990.05.09"]
[EventType "tourn"]
[EventRounds "11"]
[EventCountry "ENG"]
[EventCategory "8"]
[SourceTitle "BritBase"]
[Source "John Saunders"]
[SourceDate "1997.08.31"]
[SourceVersion "1"]
[SourceVersionDate "1997.08.31"]
[SourceQuality "1"]

1. Nf3 f5 2. g3 g6 3. Bg2 Bg7 4. d4 Nf6 5. O-O O-O 6. b3 d6 7. Bb2 a5 8. Nbd2 c6 9. c4 Na6 10. a3 Nc7 11. Qc2 Ng4 12. e4 f4 13. h3 Nh6 14. g4 Nf7 15. Rad1 Bd7 16. d5 e5 17. c5 cxd5 18. exd5 Rc8 19. Qb1 Ne8 20. cxd6 Nexd6 21. Rfe1 Re8 22. Bf1 Rc5 23. Nc4 e4 24. Bxg7 Kxg7 25. Qb2+ Kg8 26. Nxd6 Nxd6 27. Ne5 Qf6 28. Qd4 Rxe5 29. Qxc5 f3 30. Qc7 Re7 31. Rc1 Rf7 32. Qb8+ Rf8 33. Qc7 Rf7 34. Qb8+ Rf8 35. Qc7 Rf7 1/2-1/2